Marvel Superheroes in the Infinity Saga - Statistics

General Stats
  • This quiz has been taken 185 times
  • The average score is 134 of 152
Answer Stats
Movie Superhero % Correct
Avengers: Age of Ultron | Avengers: Endgame | Avengers: Infinity War | +7 others Iron Man
100%
Avengers: Age of Ultron | Avengers: Endgame | Avengers: Infinity War | +5 others Hulk
99%
Avengers: Age of Ultron | Avengers: Endgame | Avengers: Infinity War | +5 others Thor
98%
Thor: The Dark World Loki (Captain America)
97%
Avengers: Age of Ultron | Avengers: Endgame | Avengers: Infinity War | +5 others Black Widow
96%
Ant-Man | Avengers: Age of Ultron | Avengers: Endgame | +7 others Captain America
96%
Avengers: Endgame | Avengers: Infinity War | Captain America: Civil War | +2 others Spider-Man
96%
Avengers: Endgame | Avengers: Infinity War | Guardians of the Galaxy | Guardians of the Galaxy Vol. 2 Groot
95%
Avengers: Endgame | Avengers: Infinity War | The Avengers | +2 others Loki
95%
Ant-Man | Ant-Man and the Wasp | Avengers: Endgame | Captain America: Civil War Ant-Man
94%
Avengers: Endgame | Avengers: Infinity War | Guardians of the Galaxy | Guardians of the Galaxy Vol. 2 Star-Lord
93%
Avengers: Endgame | Avengers: Infinity War | Guardians of the Galaxy | Guardians of the Galaxy Vol. 2 Gamora
92%
Avengers: Age of Ultron | Avengers: Endgame | Captain America: Civil War | +2 others Hawkeye
92%
Avengers: Endgame | Avengers: Infinity War | Guardians of the Galaxy | Guardians of the Galaxy Vol. 2 Rocket
92%
Avengers: Endgame | Avengers: Infinity War | Doctor Strange | Thor: Ragnarok Doctor Strange
91%
Avengers: Endgame | Avengers: Infinity War | Guardians of the Galaxy | Guardians of the Galaxy Vol. 2 Drax
90%
Avengers: Age of Ultron | Avengers: Endgame | Avengers: Infinity War | +5 others War Machine
90%
Avengers: Endgame | Avengers: Infinity War | Black Panther | Captain America: Civil War Black Panther
89%
Ant-Man | Ant-Man and the Wasp | Avengers: Endgame Wasp
89%
Ant-Man | Avengers: Endgame | Avengers: Infinity War | +2 others Falcon
87%
Avengers: Age of Ultron | Avengers: Endgame | Avengers: Infinity War | +2 others Scarlet Witch
87%
Avengers: Endgame | Captain Marvel Captain Marvel
86%
Avengers: Endgame | Avengers: Infinity War | Guardians of the Galaxy | Guardians of the Galaxy Vol. 2 Nebula
82%
Avengers: Endgame | Avengers: Infinity War | Guardians of the Galaxy Vol. 2 Mantis
81%
Avengers: Age of Ultron | Avengers: Infinity War | Captain America: Civil War Vision
79%
Avengers: Age of Ultron | Captain America: The Winter Soldier Quicksilver
77%
Ant-Man | Avengers: Endgame | Avengers: Infinity War | +4 others Bucky Barnes
73%
Avengers: Endgame | Avengers: Infinity War | Iron Man | +4 others Pepper Potts
73%
Avengers: Endgame | Avengers: Infinity War | Doctor Strange Wong
69%
Thor: Ragnarok Valkyrie
67%
Guardians of the Galaxy | Guardians of the Galaxy Vol. 2 Yondu
67%
Avengers: Age of Ultron | Thor | Thor: Ragnarok | Thor: The Dark World Heimdall
44%
Thor: Ragnarok Korg
38%
No matching quizzes found
Score Distribution
Percent of People with Each Score
Percentile by Number Answered
Your Score History
You have not taken this quiz